000
00471nam a2200157Ia 4500
008
151213s9999 xx 000 0 und d
100
_a
রামকান্ত সিং
245
_a
রোমান আইন।
_c
রামকান্ত সিং
250
_a
5th
260
_a
Dhaka
_b
রাজু আহমেদ মামুন।
_c
2007
300
_a
5122 p.
650
_a
Law
650
_a
Law
700
_a
রামকান্ত সিং
999
_c
3162
_d
3162